| 000 | 00352nam a22001337a 4500 | ||
|---|---|---|---|
| 020 | _a9780854041725 | ||
| 082 |
_a628.168 _bGRA/WA |
||
| 245 | _aWater Contamination Emergencies: Collective Responsibility | ||
| 260 |
_aCambridge _bRSC Publishing _c2009 |
||
| 300 | _a412 | ||
| 700 |
_aGray,John _91070 |
||
| 700 |
_aThompson,Clive K. _91071 |
||
| 942 | _cREF | ||
| 999 |
_c14614 _d14614 |
||